Potenciál zahraničného obchodu malých a stredných podnikov cez systém Alibaba.com bakalárska práca

Saved in:
Bibliographic Details
Main Author: Juračková, Kristína
Corporate Author: Obchodná fakulta EU. Katedra medzinárodného obchodu
Other Authors: Zábojník, Stanislav, 1984-
Format: Book
Language:Slovak
Published: Bratislava 2021
Tags: Add Tag
No Tags, Be the first to tag this record!

MARC

LEADER 00000nbm a2200000 4500
001 0275892
005 20220209124240.1
041 0 |a slo 
044 |a SK 
245 1 0 |a Potenciál zahraničného obchodu malých a stredných podnikov cez systém Alibaba.com  |b bakalárska práca  |c Kristína Juračková ; školiteľ: Stanislav Zábojník 
264 1 |a Bratislava  |c 2021 
300 |a 58 s. 
100 1 |a Juračková, Kristína 
700 1 |a Zábojník, Stanislav, 1984- 
710 2 |a Obchodná fakulta EU. Katedra medzinárodného obchodu